000
00283nam a2200109Ia 4500
008
200302s9999 xx 000 0 und d
100
_a
G. Tyler Miller
245
_a
Living in the Environment 8th ed.
260
_b
International Thomson Publishing
260
_c
1994
300
_a
701 P.,
999
_c
1624
_d
1624